000 00894nam a22002777a 4500
001 7407
003 FISKH
005 20250714094546.0
008 250714b cb ||||| |||| 00| 0 eng d
020 _a1880892537
040 _aFISKH
_beng
_cFISKH
_dFISKH
050 _aPZ7
082 _a590
100 _aNichols, Yuriko
245 _aAll around the farm /
_cBy Yuriko Nichols : Illustrated by Michelle Mallard
260 _aMelrose :
_bCommnon Sense Press ,
_c1998.
300 _a46 pages :
_bcolor illustrations ;
_c20 cm .
505 _aJ
520 _aOne of six readers which accompany the second grade Learning Language Arts Through Literature program, Grade 2.
521 8 _a500
_bLexile estimate
521 8 _aJ
_bRaz-Plus
650 _aHomeschool
_vJuvenile Literature
700 _aMallard, Michelle
_eIllustrator
942 _2ddc
_cBK
_n0
999 _c7407
_d7407